[Event "Kobanya op"]
[Site "Kobanya op"]
[Date "1992.??.??"]
[Round "8"]
[White "Vaulin, Alexander"]
[Black "Bordas, Gyula"]
[Result "1-0"]
[WhiteElo "2520"]
[BlackElo "2300"]

1.c4 Nf6 2.g3 e6 3.Bg2 Be7 4.d4 d5 5.Nf3 O-O 6.O-O dxc4 7.Nc3 Nc6 8.e3 Rb8
9.Qa4 b5 10.Nxb5 Bd7 11.Nc3 Nxd4 12.Qxc4 Rb4 13.Qa6 Rb6 14.Qxa7 Nc2 15.Rb1 Qc8
16.Ne5 Bb4 17.Nxd7 Qxd7 18.Qa4 Qxa4 19.Nxa4 Ra6 20.b3 Rd8 21.Bb2 Rd2 22.Be5 Bd6
23.Bc3 Rd3 24.Bxf6 gxf6 25.Be4 Rd2 26.Rb2 f5 27.Rxc2  1-0

[Event "Komotini op"]
[Site "Komotini"]
[Date "1992.??.??"]
[Round "?"]
[White "Wojtkiewicz, Aleksander"]
[Black "Tsiganova, Monika"]
[Result "1-0"]
[WhiteElo "2530"]
[BlackElo "2265"]

1.Nf3 Nf6 2.c4 e6 3.g3 d5 4.Bg2 Be7 5.d4 O-O 6.Nc3 c6 7.O-O b6 8.b3 Bb7 9.Qc2 Na6
10.Rd1 Qc8 11.e4 dxe4 12.Ng5 h6 13.Ngxe4 c5 14.Bb2 Rd8 15.dxc5 Nxc5 16.Rxd8+ Bxd8
17.Nd6 Qd7 18.Nxb7 Nxb7 19.Rd1 Qc8 20.Nb5 Be7 21.Bxf6 gxf6 22.Qe4 Rb8 23.Nxa7 Qf8
24.Nc6 Re8 25.Nxe7+ Rxe7 26.Qc6  1-0

[Event "Komotini op"]
[Site "Komotini"]
[Date "1992.??.??"]
[Round "?"]
[White "Ehlvest, Jaan"]
[Black "Botsari Miladinovic, Anna Maria"]
[Result "1-0"]
[WhiteElo "2635"]
[BlackElo "2315"]

1.d4 Nf6 2.Nf3 e6 3.c4 d5 4.g3 Be7 5.Bg2 O-O 6.O-O dxc4 7.Qc2 a6 8.Nbd2 b5
9.Ng5 Ra7 10.b3 c3 11.Nde4 Nxe4 12.Nxe4 b4 13.a3 f5 14.Nc5 e5 15.axb4 exd4
16.Qd3 a5 17.Rd1 Ba6 18.b5 Bc8 19.Qc4+ Kh8 20.Rxd4 Qe8 21.Be3 Bf6 22.Rd3 c6
23.b6 Re7 24.Re1 f4 25.Bd4 Rxe2 26.Rxe2 Qxe2 27.Bxf6 c2 28.Bf1 Qd1 29.Bxg7+  1-0

[Event "Liechtenstein op"]
[Site "Liechtenstein"]
[Date "1992.??.??"]
[Round "?"]
[White "Zlochevskij, Alexander"]
[Black "Mitkov, Nikola"]
[Result "1/2-1/2"]
[WhiteElo "2455"]
[BlackElo "2470"]

1.Nf3 d5 2.c4 e6 3.g3 Nf6 4.Bg2 Be7 5.d4 O-O 6.Qc2 b6 7.Nc3 Bb7 8.Bg5 Nbd7
9.cxd5 Nxd5 10.Bxe7 Qxe7 11.Nxd5 Bxd5 12.O-O c5  1/2-1/2

[Event "Ljubljana op"]
[Site "Ljubljana"]
[Date "1992.??.??"]
[Round "4"]
[White "Volzhin, Alexander"]
[Black "Magomedov, Magaram"]
[Result "0-1"]
[WhiteElo "2370"]
[BlackElo "2475"]

1.d4 Nf6 2.c4 e6 3.g3 d5 4.Bg2 Be7 5.Nf3 O-O 6.O-O c5 7.cxd5 exd5 8.Nc3 Nc6
9.Bg5 cxd4 10.Nxd4 h6 11.Be3 Re8 12.Rc1 Bg4 13.h3 Be6 14.Nxc6 bxc6 15.Na4 Qd7
16.Kh2 Bf5 17.Nc5 Bxc5 18.Bxc5 Ne4 19.Bd4 Rab8 20.Qa4 c5 21.Qxd7 Bxd7 22.Bxc5 Rxb2
23.Bxa7 Rxa2 24.Rc7 Bb5 25.Rb1 Bxe2 26.Bxe4 dxe4 27.Be3 Bf3 28.g4 Ra6 29.Rbb7 Rf6
30.Kg3 Be2 31.Re7 Rc8 32.Rbc7 Rxc7 33.Rxc7 Bf1 34.Rc8+ Kh7 35.h4 Rf3+ 36.Kh2 Rh3+
37.Kg1 Be2  0-1

[Event "Ljubljana op"]
[Site "Ljubljana"]
[Date "1992.??.??"]
[Round "7"]
[White "Volzhin, Alexander"]
[Black "Grosar, Aljosa"]
[Result "1/2-1/2"]
[WhiteElo "2370"]
[BlackElo "2455"]

1.d4 Nf6 2.c4 e6 3.g3 d5 4.Bg2 Be7 5.Nf3 O-O 6.O-O b6 7.Nc3 Bb7 8.Ne5 Na6
9.cxd5 exd5 10.Nd3 c5 11.dxc5 bxc5 12.Bg5 Ne4 13.Bxe7 Qxe7 14.e3 Rfd8 15.Qa4 Rd6
16.Nf4 d4 17.Nxe4 Bxe4 18.Bxe4 Qxe4 19.Rfe1 g5 20.exd4 Qxd4 21.Qxd4 Rxd4
22.Nh5 Nc7 23.Re5 Ne6 24.Nf6+ Kg7 25.Ne4 Kg6 26.Nxc5 Nxc5 27.Rxc5 Rd2 28.b4 Re8
29.a3 Re6 30.h3 Rf6 31.Rf1  1/2-1/2

[Event "Manila ol (Men)"]
[Site "Manila"]
[Date "1992.??.??"]
[Round "?"]
[White "Danielsen, Henrik"]
[Black "Dizdar, Goran"]
[Result "1/2-1/2"]
[WhiteElo "2390"]
[BlackElo "2495"]

1.Nf3 d5 2.c4 e6 3.g3 Nf6 4.Bg2 Be7 5.d4 O-O 6.O-O c6 7.Nc3 Nbd7 8.b3 b6
9.Bb2 Ba6 10.Nd2 b5 11.e4 bxc4 12.bxc4 Rb8 13.Rb1 Nb6 14.e5 Ne8 15.c5 Nc4
16.Nxc4 Bxc4 17.Re1 Qa5 18.Qc2 Nc7 19.Ra1 Rb7 20.Re3 Rfb8  1/2-1/2

[Event "Manila ol (Men)"]
[Site "Manila"]
[Date "1992.??.??"]
[Round "?"]
[White "Ftacnik, Lubomir"]
[Black "Campora, Daniel H"]
[Result "1/2-1/2"]
[WhiteElo "2550"]
[BlackElo "2550"]

1.d4 Nf6 2.Nf3 d5 3.c4 e6 4.g3 Be7 5.Bg2 O-O 6.O-O b6 7.Nc3 Bb7 8.Ne5 Na6
9.cxd5 exd5 10.Nd3 Re8 11.Bg5 Ne4 12.Bxe7 Qxe7 13.Qa4 c6 14.e3 Nxc3 15.bxc3 Nc7
16.Rfd1 Nb5 17.Rac1 Nd6 18.Re1 Qc7 19.Nf4 Re7 20.h4 a5 21.Qc2 a4 22.f3 c5
23.e4 cxd4 24.cxd4 Qxc2 25.Rxc2 dxe4 26.fxe4 Nxe4 27.Rb2  1/2-1/2

[Event "Manila ol (Men)"]
[Site "Manila"]
[Date "1992.??.??"]
[Round "?"]
[White "Ginting, Nasib"]
[Black "Barle, Janez"]
[Result "1/2-1/2"]
[WhiteElo "2430"]
[BlackElo "2430"]

1.d4 Nf6 2.c4 e6 3.g3 d5 4.Nf3 Be7 5.Bg2 O-O 6.O-O c5 7.cxd5 exd5 8.Nc3 Nc6
9.Bg5 cxd4 10.Nxd4 h6 11.Be3 Be6 12.Qa4 Qd7 13.Nxe6 fxe6 14.Bh3 Rfe8 15.Rad1 Bf8
16.f4 Qf7 17.Bf2 Qh5 18.Kg2 Bb4 19.Qb5 Bxc3 20.bxc3 Rab8 21.Bd4 Ne4 22.Qd3 Kh8
23.Qf3 Qf7 24.Qe3 b5 25.Bg4 Na5 26.Bf3 Nc4 27.Qc1 Ned6 28.Rfe1 a5 29.Kg1 Rec8
30.e4 dxe4 31.Bxe4 Nf5 32.Bxf5 exf5 33.Re2 Re8 34.Rde1 Rxe2 35.Rxe2 Re8 36.Qe1 Rxe2
37.Qxe2 a4 38.h3 Qg6 39.Kf2 Nd6 40.g4 Ne4+ 41.Ke3 Qe8 42.Kd3 Qd7 43.gxf5 Nc5+
44.Kd2 Qxf5 45.Bxc5 Qxc5 46.Qe8+ Kh7 47.Qe4+ g6 48.Kd3 h5 49.Qe6 Qc7 50.f5 Qg3+
51.Ke4 Qg2+ 52.Kd4 Qf2+ 53.Ke4 Qc2+ 54.Kf4 Qd2+ 55.Ke4 Qg2+ 56.Kd4 Qd2+ 57.Ke4  1/2-1/2

[Event "Manila ol (Men)"]
[Site "Manila"]
[Date "1992.??.??"]
[Round "?"]
[White "Urban, Klaudiusz"]
[Black "Ilinsky, Vladimir"]
[Result "1/2-1/2"]
[WhiteElo "2465"]
[BlackElo "2340"]

1.d4 Nf6 2.c4 e6 3.g3 d5 4.Bg2 Be7 5.Nf3 O-O 6.O-O Nbd7 7.Qc2 c6 8.b3 b6
9.Bb2 Ba6 10.Nbd2 Rc8 11.Rac1 c5 12.Qb1 dxc4 13.Nxc4 b5 14.Nce5 c4 15.a4 Nb6
16.axb5 Bxb5 17.Nd2 c3 18.Rxc3 Rxc3 19.Bxc3 Nbd5 20.Bb2 Bxe2 21.Rc1 Bb5 22.Qa1 Bb4
23.Ndc4 a5 24.Nd3 Qe7 25.Nxb4 axb4 26.Qa5 Rb8 27.Rc2 h6 28.Bc1 Qd8 29.Qa7 Bxc4
30.Rxc4 Ra8 31.Qb7 Rb8 32.Qa6 Ra8 33.Qc6 Ra1 34.Bf1 Nc3 35.Bb2 Rd1 36.Rxb4 Ne2+
37.Kg2 Nxd4 38.Bxd4 Rxd4 39.Ra4 Kh7 40.Ra8 Qd5+ 41.Qxd5 exd5 42.Ra2 g6 43.Be2 Ne4
44.Bf3 Rb4 45.Ra4 Rxb3 46.Bxe4  1/2-1/2

[Event "Manila ol (Women)"]
[Site "Manila"]
[Date "1992.??.??"]
[Round "?"]
[White "Shumiakina, Tatiana"]
[Black "Dengler, Dijana"]
[Result "0-1"]
[WhiteElo "2340"]
[BlackElo "2085"]

1.d4 Nf6 2.Nf3 e6 3.c4 d5 4.g3 Be7 5.Bg2 O-O 6.O-O dxc4 7.Nc3 Nc6 8.e4 Nb4
9.Ne5 c5 10.dxc5 Bxc5 11.Qe2 Qe7 12.a3 Nd3 13.Nxc4 Nxc1 14.Raxc1 e5 15.h3 Bd7
16.Rfd1 Bd4 17.Nd5 Nxd5 18.exd5 Qg5 19.h4 Qf6 20.Na5 Qb6 21.Nc4 Qa6 22.b3 Rae8
23.a4 f5 24.d6 f4 25.Rxd4 exd4 26.Bd5+ Kh8 27.Qd3 b5 28.axb5 Qxb5 29.Qxd4 fxg3
30.fxg3 Qxb3 31.Qc3 Qb5 32.Qd4 Qb4 33.Qd2 Qc5+ 34.Kg2 Bc6 35.Bxc6 Qxc6+ 36.Kh2 Qf3
37.Rc2 Rb8 38.Rc3 Qe4 39.Rc2 Rb1 40.Qg2 Qd4 41.Na3 Rb3 42.Nc4 Rc3 43.Rxc3 Qxc3
44.Qe4 Qf6 45.Qd5 Qf2+ 46.Kh3 Qf1+ 47.Kg4 Qe2+ 48.Kh3 h5 49.Ne5 Qf1+  0-1

[Event "Manila ol (Women)"]
[Site "Manila"]
[Date "1992.??.??"]
[Round "?"]
[White "Horvath, Julia"]
[Black "Levitan, Yuliya"]
[Result "1/2-1/2"]
[WhiteElo "2240"]
[BlackElo "2245"]

1.d4 d5 2.Nf3 Nf6 3.c4 e6 4.g3 Be7 5.Bg2 O-O 6.O-O b6 7.Nc3 Nbd7 8.Ne5 Bb7
9.cxd5 Nxd5 10.Nxd5 exd5 11.Nd3 Bf6 12.Nf4 c6 13.Be3 g6 14.Rc1 Bg7 15.Nd3 Qe7
16.Qb3 Rac8 17.Rc2 Ba6 18.Qb4 c5 19.dxc5 bxc5 20.Nxc5 d4 21.Nxa6 Qxb4 22.Nxb4 dxe3
23.Rfc1 exf2+ 24.Kxf2 Rxc2 25.Rxc2 Rb8 26.Nd3 Bd4+ 27.e3 Bb6 28.Nf4 Nf6 29.Bf3 Re8
30.Rc3 g5 31.Nd5 Nxd5 32.Bxd5 Kg7 33.g4 Re5 34.Bb3 h5 35.h3 hxg4 36.hxg4 f5
37.gxf5 Rxf5+ 38.Kg2 Re5 39.Kf3 Rf5+ 40.Kg2 Re5 41.Kf3 Rf5+  1/2-1/2

[Event "Manila ol (Women)"]
[Site "Manila"]
[Date "1992.??.??"]
[Round "?"]
[White "Baginskaite, Kamile"]
[Black "Tsiganova, Monika"]
[Result "1/2-1/2"]
[WhiteElo "2280"]
[BlackElo "2245"]

1.d4 Nf6 2.c4 e6 3.g3 d5 4.Bg2 Be7 5.Nf3 b6 6.O-O O-O 7.Nc3 Bb7 8.Ne5 c6
9.e4 dxc4 10.Nxc4 Ba6 11.b3 b5 12.Ne5 b4 13.Ne2 c5 14.d5 exd5 15.exd5 Bd6
16.f4 Nbd7 17.Bb2 Re8 18.Nc4 Nb6 19.Nxd6 Rxe2 20.Be5 Rxg2+ 21.Kxg2 Bxf1+
22.Qxf1 Nfxd5 23.Qf3 f6 24.Rd1 fxe5 25.Rxd5 exf4 26.Qxf4 Qd7 27.Rxc5 Rd8
28.Nc4 Rf8 29.Qe4 Re8 30.Re5 Rxe5 31.Qxe5 Qd5+ 32.Kf2 Qf7+ 33.Ke3 Nd5+ 34.Kd4 Nc7
35.Ke3 h6 36.Nd6 Qf1 37.Nf5 Qe1+ 38.Kd4 Qc3+ 39.Ke4 Qe1+ 40.Kd4 Qc3+ 41.Ke4 Qe1+  1/2-1/2

[Event "Manila ol (Men)"]
[Site "Manila"]
[Date "1992.??.??"]
[Round "?"]
[White "Wojtkiewicz, Aleksander"]
[Black "Rozentalis, Eduardas"]
[Result "1/2-1/2"]
[WhiteElo "2495"]
[BlackElo "2585"]

1.c4 e6 2.Nf3 Nf6 3.g3 d5 4.Bg2 Be7 5.d4 O-O 6.Nc3 dxc4 7.Ne5 Nc6 8.Nxc6 bxc6
9.Bxc6 Rb8 10.O-O Bb7 11.Bxb7 Rxb7 12.e3 c5 13.dxc5 Bxc5 14.Qf3 Qa8 15.Rd1  1/2-1/2

[Event "Manila ol (Men)"]
[Site "Manila"]
[Date "1992.??.??"]
[Round "?"]
[White "Adianto, Utut"]
[Black "Fufuengmongkolkij, K."]
[Result "1-0"]
[WhiteElo "2485"]
[BlackElo "2205"]

1.d4 d5 2.c4 e6 3.Nf3 Nf6 4.g3 Be7 5.Bg2 O-O 6.O-O c6 7.Qc2 b6 8.b3 Bb7 9.Nc3 Na6
10.Rd1 Rc8 11.e4 dxe4 12.Nxe4 Nxe4 13.Qxe4 Nc5 14.Qe2 Nd7 15.Bf4 Re8 16.h4 Nf8
17.h5 h6 18.Qe3 Nh7 19.Ne5 Bg5 20.c5 Bxf4 21.Qxf4 Qf6 22.Qe3 Rc7 23.Rac1 Qg5
24.Qxg5 hxg5 25.b4 Nf6 26.cxb6 axb6 27.b5 Nxh5 28.bxc6 Ba8 29.Nc4 Rb8 30.Nd6 Nf6
31.Nb5 Ne8 32.Nxc7 Nxc7 33.d5 exd5 34.Bxd5 Kf8 35.Bxf7  1-0

[Event "Manila ol (Men)"]
[Site "Manila"]
[Date "1992.??.??"]
[Round "?"]
[White "Hynes, Kilian A"]
[Black "Ng Ek Teong"]
[Result "1-0"]
[WhiteElo "2245"]
[BlackElo "2205"]

1.d4 d5 2.c4 e6 3.Nf3 Nf6 4.g3 Be7 5.Bg2 O-O 6.O-O dxc4 7.Qc2 Nbd7 8.Qxc4 Nb6
9.Qc2 Bd7 10.Nc3 Nbd5 11.e4 Nxc3 12.bxc3 c5 13.Ne5 cxd4 14.cxd4 Bb5 15.Rd1 Rc8
16.Qb3 Ba6 17.Bb2 Nd7 18.d5 Nc5 19.Qe3 exd5 20.Rxd5 Qb6 21.Bd4 f6 22.Nd7 Qe6
23.Nxc5 Bc4 24.Nd3 Bxd5 25.exd5 Qd7 26.Nf4 b6 27.Bh3 f5 28.Qe6+ Qxe6 29.Nxe6 Rf7
30.Rd1 g6 31.Be5 Bf6 32.f4 Re8 33.Bf1 Be7 34.d6 Bxd6 35.Rxd6 Rc8 36.Rd8+ Rxd8
37.Nxd8 Rd7 38.Ne6 Kf7 39.Nd4 Ke7 40.Kf2 b5 41.Bxb5 Rb7 42.a4 a6 43.Bxa6 Rb2+
44.Be2  1-0

[Event "Manila ol (Men)"]
[Site "Manila"]
[Date "1992.??.??"]
[Round "?"]
[White "Hynes, Kilian A"]
[Black "Hamid, Rani"]
[Result "1/2-1/2"]
[WhiteElo "2245"]
[BlackElo "2105"]

1.d4 Nf6 2.c4 e6 3.g3 d5 4.Nf3 Be7 5.Bg2 O-O 6.O-O b6 7.Ne5 Bb7 8.Nc3 c6
9.Qa4 Nfd7 10.Bf4 Nxe5 11.dxe5 Nd7 12.Rad1 g5 13.Bc1 Nxe5 14.cxd5 exd5 15.e4 b5
16.Qd4 Bf6 17.Bxg5 Bxg5 18.Qxe5 Re8 19.Qf5 Bc8 20.Qf3 b4 21.Nb1 Rxe4 22.Qxe4  1/2-1/2

[Event "Manila ol (Men)"]
[Site "Manila"]
[Date "1992.??.??"]
[Round "?"]
[White "Rahman, Ziaur"]
[Black "Orr, Mark J L"]
[Result "1/2-1/2"]
[WhiteElo "2360"]
[BlackElo "2380"]

1.c4 e6 2.g3 d5 3.Bg2 Nf6 4.Nf3 Be7 5.d4 O-O 6.O-O Nbd7 7.Qc2 c6 8.b3 b6
9.Nc3 Bb7 10.e4 Nxe4 11.Nxe4 dxe4 12.Qxe4 Nf6 13.Qc2 c5 14.dxc5 bxc5 15.Bb2 Be4
16.Qc3 Qc7 17.Rfe1 Bc6 18.Ne5 Bxg2 19.Kxg2 Qb7+ 20.Qf3 Qxf3+ 21.Kxf3 Rfc8
22.Red1 Rc7 23.Rd3 Rd8 24.Rxd8+ Bxd8 25.Rd1 Be7 26.Bc3 Ne8 27.Ba5 Rb7 28.Rd7 Rxd7
29.Nxd7 Bd6 30.Bd2 Nf6 31.Nxf6+ gxf6 32.h4 f5 33.Bc3 h5 34.a3 a6 35.b4 cxb4
36.axb4 Kf8 37.c5 Bc7 38.Bf6 Ke8 39.Ke3 Kd7 40.Kd4 Kc6 41.Kc4 f4 42.gxf4 Bxf4
43.Kd4 Bd2 44.Kc4 Be1 45.f4 Bf2 46.Bg5 Be1 47.Bf6 Bd2 48.Be5 Be3 49.Bd6  1/2-1/2

[Event "Manila ol (Men)"]
[Site "Manila"]
[Date "1992.??.??"]
[Round "?"]
[White "Romanishin, Oleg M"]
[Black "Veingold, Aleksandr"]
[Result "1-0"]
[WhiteElo "2595"]
[BlackElo "2465"]

1.d4 Nf6 2.Nf3 e6 3.g3 Be7 4.Bg2 d5 5.c4 O-O 6.Qc2 c5 7.dxc5 d4 8.O-O Nc6
9.Nbd2 a5 10.Rd1 a4 11.a3 Nd7 12.b4 axb3 13.Nxb3 e5 14.e3 Nxc5 15.exd4 Nxb3
16.Qxb3 exd4 17.Bf4 Ra7 18.Ne5 Na5 19.Qd3 Be6 20.Rab1 f6 21.Nf3 Bxc4 22.Qxd4 Qxd4
23.Nxd4 Bxa3 24.Nb5 Bxb5 25.Rxb5 Nc6 26.Be3 Ra5 27.Bxc6  1-0

[Event "Capablanca mem-C"]
[Site "Matanzas"]
[Date "1992.??.??"]
[Round "11"]
[White "Ramon, Vivian"]
[Black "Leyva, Hector"]
[Result "0-1"]
[WhiteElo "2260"]
[BlackElo "2275"]

1.c4 e6 2.d4 d5 3.g3 Nf6 4.Bg2 Be7 5.Nf3 O-O 6.O-O dxc4 7.Qc2 a6 8.Qxc4 b5
9.Qc2 Bb7 10.Bd2 Nc6 11.Be3 Nb4 12.Qc1 Qb8 13.Nbd2 Rc8 14.Nb3 Bd5 15.Qd1 a5
16.a3 a4 17.Nc5 Na6 18.Ne5 Bxg2 19.Kxg2 Nxc5 20.dxc5 Rd8 21.Qc2 c6 22.Nd3 Nd5
23.Bd2 f5 24.Rae1 Nf6 25.f3 Ra7 26.Bf4 Qc8 27.Be5 Rad7 28.Bc3 Nd5 29.Bd2 Bf6
30.e4 Nb4 31.Bxb4 Rxd3 32.Ba5 R8d7 33.Rf2 f4 34.Rfe2 fxg3 35.hxg3 Qa8 36.Bc7 Rb3
37.e5 Bd8 38.Bd6 Ba5 39.Rh1 g6 40.Re4 Qe8 41.Rf4 Rf7 42.Rhh4 Rf5 43.Rxf5 exf5
44.Rd4 Qe6 45.Qc1 Kg7 46.Rh4 h5 47.Rd4 Qf7 48.Qc2 Qe6 49.Qe2 Kg8 50.Bb8 Kg7
51.Kf2 Kg8 52.Ba7 Bc7 53.f4 h4 54.Bb6 Rxg3 55.Bxc7 Qb3 56.Rb4 Qd5 57.e6 Rg2+
58.Kf1 Rxe2 59.Kxe2 h3 60.Be5 h2 61.e7 Kf7 62.Rd4 h1=Q  0-1

[Event "Mesa op2"]
[Site "Mesa"]
[Date "1992.??.??"]
[Round "?"]
[White "Perez, Pedro Tomas"]
[Black "Hernandez, Carlos"]
[Result "1-0"]
[WhiteElo "2280"]
[BlackElo "2265"]

1.d4 d5 2.c4 e6 3.Nf3 Nf6 4.g3 Be7 5.Bg2 O-O 6.O-O c5 7.cxd5 Nxd5 8.Nc3 Nf6
9.Bg5 cxd4 10.Nxd4 e5 11.Ndb5 Nc6 12.Qxd8 Rxd8 13.Rfd1 Bg4 14.h3 Bf5 15.Bxf6 gxf6
16.Nc7 Rac8 17.N7d5 Kg7 18.Nxe7 Nxe7 19.Rxd8 Rxd8 20.Rd1 Rxd1+ 21.Nxd1 b6
22.Kf1 Be6 23.Nc3 f5 24.Ke1 e4 25.Kd2 Nd5 26.a3 Kf6 27.Nxd5+ Bxd5 28.Kc3 Ke5
29.e3 a5 30.Bf1 Be6 31.b4 Bd5 32.bxa5 bxa5 33.Bc4 f6 34.Kb3 Bc6 35.Bg8 h6
36.Kc4 Kd6 37.Bf7 Bd7 38.Bg6 Kc6 39.Bf7 Kd6 40.h4  1-0

[Event "Mlada Boleslav op"]
[Site "Mlada Boleslav"]
[Date "1992.??.??"]
[Round "4"]
[White "Berezovics, Alexander"]
[Black "Pulkkinen, Kari"]
[Result "0-1"]
[WhiteElo "2440"]
[BlackElo "2265"]

1.d4 Nf6 2.Nf3 e6 3.c4 d5 4.g3 Be7 5.Bg2 O-O 6.Qc2 dxc4 7.O-O a6 8.a4 Nbd7
9.Nbd2 c5 10.Nxc4 Nd5 11.Rd1 Qc7 12.e4 Nb4 13.Qb3 cxd4 14.Bf4 e5 15.Nfxe5 Nxe5
16.Bxe5 Qc6 17.Rxd4 Be6 18.Qc3 b5 19.Na5 Qxc3 20.bxc3 Nc2 21.Rb1 Nxd4 22.cxd4 Rfc8
23.d5 Bd7 24.axb5 axb5 25.Nb3 Ra2 26.Bd4 b4 27.e5 Bf5 28.Re1 Ra3 29.Nc1 Bc5
30.Bb2 Ra7 31.Kf1 Bc2 32.d6 b3 33.Bd5 Ba3 34.Bxa3 Rxa3 35.e6 fxe6 36.Bxe6+ Kf8
37.Bxc8  0-1

[Event "Mlada Boleslav op"]
[Site "Mlada Boleslav"]
[Date "1992.??.??"]
[Round "7"]
[White "Chloupek, Stanislav"]
[Black "Koskinen, Henri"]
[Result "1/2-1/2"]
[WhiteElo "2305"]
[BlackElo "2240"]

1.d4 d5 2.c4 e6 3.Nf3 Nf6 4.g3 Be7 5.Bg2 O-O 6.O-O dxc4 7.Qc2 a6 8.a4 Bd7
9.Qxc4 Bc6 10.Bg5 a5 11.Nc3 Na6 12.Rac1 Ne4 13.Bxe7 Qxe7 14.Nxe4 Bxe4 15.Ne5 Bxg2
16.Kxg2 Rfd8 17.e3 c6 18.Nd3 Qd6 19.Nc5 Nxc5 20.Qxc5 Qxc5 21.Rxc5 Rd5 22.Rfc1 Rxc5
23.Rxc5 Ra6 24.e4 g6 25.d5 exd5 26.exd5 cxd5 27.Rb5 d4 28.Rxb7 Rd6 29.Kf1 d3
30.Ke1 Re6+ 31.Kd2  1/2-1/2

[Event "Alekhine op"]
[Site "Moscow"]
[Date "1992.??.??"]
[Round "?"]
[White "Sorokin, Maxim"]
[Black "Epishin, Vladimir"]
[Result "1/2-1/2"]
[WhiteElo "2550"]
[BlackElo "2630"]

1.d4 Nf6 2.c4 e6 3.g3 d5 4.Bg2 Be7 5.Nf3 O-O 6.O-O dxc4 7.Qc2 a6 8.a4 Bd7
9.Qxc4 Bc6 10.Bg5 a5 11.Nc3 Na6 12.Rad1 Nb4 13.Ne5  1/2-1/2

[Event "Alekhine op"]
[Site "Moscow"]
[Date "1992.??.??"]
[Round "?"]
[White "Shumiakina, Tatiana"]
[Black "Geller, Efim P"]
[Result "1/2-1/2"]
[WhiteElo "2310"]
[BlackElo "2525"]

1.d4 d5 2.c4 e6 3.Nf3 Be7 4.g3 Nf6 5.Bg2 O-O 6.O-O dxc4 7.Qc2 a6 8.a4 Bd7
9.Qxc4 Bc6 10.Bg5 Bd5 11.Qc1 Nc6 12.e3 Na5 13.Nbd2 Ne4 14.Bxe7 Qxe7 15.Nxe4 Bxe4
16.Ra3 Nc6 17.Rc3 Rac8 18.Rc5 Nb4 19.Qd2 b6 20.Rc4 a5 21.Ne5 Bxg2 22.Kxg2 c5
23.Rfc1 Rcd8 24.Kg1 Qg5 25.Nf3 Qh5 26.Qe2 cxd4 27.Rxd4 Rxd4 28.Nxd4 Qxe2
29.Nxe2 Rd8 30.Nd4 Kf8 31.Rc7 Na6 32.Rb7 Rb8 33.Ra7 Nc5 34.b3 Rb7 35.Ra8+ Ke7
36.b4 axb4 37.Nc6+ Kd6 38.Nxb4 Nb3 39.Rc8 h5 40.Kg2 g6 41.h3 Nc5 42.Ra8 Nb3
43.Rc8 Nc5 44.Ra8  1/2-1/2

[Event "Moscow Tal mem"]
[Site "Moscow"]
[Date "1992.??.??"]
[Round "?"]
[White "Khalifman, Alexander"]
[Black "Donchenko, Anatoly G"]
[Result "1-0"]
[WhiteElo "2635"]
[BlackElo "2385"]

1.d4 Nf6 2.Nf3 e6 3.c4 d5 4.g3 Be7 5.Bg2 O-O 6.O-O Nbd7 7.Nc3 c6 8.Nd2 Rb8
9.e4 dxc4 10.Nxc4 b5 11.Ne3 b4 12.Ne2 Ba6 13.Qc2 c5 14.Rd1 Bxe2 15.Qxe2 cxd4
16.Rxd4 Qa5 17.b3 Rfd8 18.Bb2 Ne5 19.Rad1 h5 20.f4 Neg4 21.Nxg4 Nxg4 22.h3 Rxd4
23.Bxd4 Rd8 24.hxg4 Rxd4 25.Rxd4 Bc5 26.Qc4 e5 27.fxe5 Qb6 28.gxh5 Bxd4+
29.Kh2 Qc5 30.Qxc5 Bxc5 31.g4 Bd4 32.e6 fxe6 33.Kg3 Be5+ 34.Kh4 Kf7 35.g5 Bf4
36.Kg4 Bd2 37.Bf1 Bc1 38.Bc4 Bd2 39.Ba6 Bc1 40.Bb5 Bd2 41.Bd7 a5 42.Bc8 Bc1
43.Ba6 Bd2 44.Be2 Bc1 45.Bd1 Bd2 46.g6+ Kf6 47.Kf3 Kg5 48.Ke2 Bf4 49.Kd3 Bd6
50.Kc4 Bf8 51.Kb5 e5 52.Kc6 Kf6 53.Kb5 Kg5 54.Be2 Kf4 55.Kc6 Kg5 56.Bf3 Kf6
57.Kb6 Kg5 58.Bd1 Kf4 59.Kc7 Kg5 60.Kc6 Kf6 61.Kb6 Kg5 62.Kxa5 Kf4 63.h6 gxh6
64.g7 Bxg7 65.Kxb4 Kxe4 66.Kc4 Kf5 67.a4 Ke6 68.a5 Kd6 69.b4 e4 70.b5 h5
71.Bxh5 Kc7 72.b6+ Kb7 73.Kb5 Bd4 74.a6+ Kb8 75.Be8  1-0

[Event "Oberwart op"]
[Site "Oberwart"]
[Date "1992.??.??"]
[Round "5"]
[White "Gluckman, David"]
[Black "Palac, Mladen"]
[Result "0-1"]
[WhiteElo "2330"]
[BlackElo "2505"]

1.d4 Nf6 2.Nf3 d5 3.c4 e6 4.g3 Be7 5.Bg2 O-O 6.O-O dxc4 7.Qa4 a6 8.Qxc4 b5
9.Qb3 Bb7 10.Nc3 b4 11.Na4 Bd5 12.Qc2 Be4 13.Qc4 Nc6 14.Bf4 Qe8 15.Nc5 Bd5
16.Qc1 Bxf3 17.exf3 Nxd4 18.Re1 Qb5  0-1

[Event "Oberwart op"]
[Site "Oberwart"]
[Date "1992.??.??"]
[Round "6"]
[White "Fominyh, Alexander"]
[Black "Turian, Hans"]
[Result "1-0"]
[WhiteElo "2530"]
[BlackElo "2260"]

1.d4 e6 2.c4 Nf6 3.Nf3 d5 4.g3 Be7 5.Bg2 Nbd7 6.O-O c6 7.b3 O-O 8.Bb2 b6
9.Qc2 Ba6 10.Nbd2 Rc8 11.e4 c5 12.exd5 exd5 13.Rfe1 Re8 14.cxd5 Nxd5 15.Nc4 N7f6
16.Nce5 cxd4 17.Qf5 g6 18.Qh3 Rc2 19.Bxd4 Bc8 20.Qh6 Bf8 21.Qh4 Bg7 22.Nxf7 Kxf7
23.Ng5+ Kf8 24.Bxd5 h6 25.Bxf6 hxg5 26.Rxe8+ Qxe8 27.Qxg5 Bh3 28.Qf4 Qd7
29.Rd1 Bf5 30.Bf3 Bd3 31.Bxg7+ Kxg7 32.Qe3 Rc3 33.Qe5+  1-0

[Event "Oslo"]
[Site "Oslo"]
[Date "1992.??.??"]
[Round "2"]
[White "Groenn, Atle"]
[Black "Rozentalis, Eduardas"]
[Result "1/2-1/2"]
[WhiteElo "2310"]
[BlackElo "2585"]

1.c4 e6 2.g3 Nf6 3.Bg2 d5 4.Nf3 Be7 5.d4 O-O 6.O-O dxc4 7.Qc2 a6 8.Qxc4 b5
9.Qc2 Bb7 10.Bg5 Be4 11.Qc1 Nbd7 12.Nbd2 Bd5 13.Qc2 Rc8 14.Bxf6 Nxf6 15.Nb3 c5
16.dxc5 Ne4 17.Ne1 Nxc5 18.Bxd5 Qxd5 19.Rd1 Qh5 20.Nxc5 Rxc5 21.Qe4 Bf6 22.Rd2 Rfc8
23.Nd3 R5c7 24.Rfd1 Qg6 25.Qf3 h6 26.Kg2 Rc4 27.b3 Rc3 28.Qb7 h5 29.Nf4 Qf5
30.e4 Qg4 31.Rd3 R3c7 32.Qxa6 Be5 33.h3 Qg5 34.h4 Qe7 35.Qxb5 Bxf4 36.gxf4 Rc5
37.Rd8+ Kh7 38.Qd3 Rc3 39.Rxc8 Rxd3 40.Rxd3 Qxh4 41.Rc5 g6 42.Rc4 Qg4+ 43.Rg3 Qxf4
44.Rf3 Qg5+ 45.Kf1 f6 46.a4 Qe5 47.b4 g5 48.b5 g4 49.Rfc3 Qd6 50.Ke2 h4 51.a5 h3
52.b6 h2 53.Rc1 Qf4 54.b7 Qf3+ 55.Kd2 Qxf2+ 56.Kd3 Qg3+ 57.Kd2 Qf4+ 58.Kd3 Qd6+
59.Ke2 Kg6 60.a6 Qb6 61.Rc6 Qb5+ 62.Kd2 g3 63.Rc8 Qb2+ 64.Kd3 g2 65.b8=Q Qxb8
66.Rxb8 h1=Q 67.Rbb1 Qh3+  1/2-1/2

[Event "Oviedo rapid45"]
[Site "Oviedo"]
[Date "1992.??.??"]
[Round "7"]
[White "Dorfman, Josif D"]
[Black "Flear, Glenn C"]
[Result "1/2-1/2"]
[WhiteElo "2605"]
[BlackElo "2495"]

1.c4 e6 2.d4 d5 3.Nf3 Nf6 4.g3 Be7 5.Bg2 O-O 6.Nc3 c6 7.O-O Nbd7 8.Nd2 b5
9.cxb5 cxb5 10.Nxb5 Qb6 11.Qa4 Bb7 12.Nc3 Bc6 13.Qc2 Qxd4 14.Nb3 Qb6 15.Be3 Qa6
16.Rfc1 Rfc8 17.Qd1 Rab8 18.Qd3 Qxd3 19.exd3 a6 20.d4 Bd6 21.Bf1 Bb7 22.Na5 Rc7
23.Nxb7 Rcxb7 24.Na4 Ng4 25.Bd2 Nb6 26.Nc5 Bxc5 27.dxc5 Nc4 28.Bxc4 dxc4
29.Rxc4 Ne5 30.Rc3 Rxb2 31.Bf4 Rb1+ 32.Rc1 Rxa1 33.Rxa1 f6 34.Bxe5 fxe5 35.Rc1 Kf7
36.Rc4 Ke7 37.Ra4 Rc8 38.Ra5 e4 39.Kf1 Kf6 40.Ke2 Rc6 41.Ke3 Ke5 42.h4 h5
43.Ra4 Rxc5 44.Rxa6 Rc3+ 45.Kd2  1/2-1/2

[Event "Palma de Mallorca op"]
[Site "Palma de Mallorca"]
[Date "1992.??.??"]
[Round "8"]
[White "Suba, Mihai"]
[Black "Garcia, Gildardo"]
[Result "0-1"]
[WhiteElo "2520"]
[BlackElo "2485"]

1.Nf3 Nf6 2.c4 e6 3.g3 d5 4.Bg2 Be7 5.d4 O-O 6.O-O c5 7.cxd5 exd5 8.Nc3 Nc6
9.Bg5 cxd4 10.Nxd4 h6 11.Be3 Re8 12.Qa4 Ne5 13.Rad1 Nc4 14.Bc1 Bd7 15.Qb3 Na5
16.Qc2 Rc8 17.Qd3 Bb4 18.Nxd5 Nxd5 19.Bxd5 Bh3 20.Nf5 Qf6 21.e4 Nc6 22.Qb3 Bxf1
23.Rxf1 Bf8 24.Qxb7 Nb4 25.Bb3 Nd3 26.Be3 Nc5 27.Bxc5 Bxc5 28.Kg2 Rf8 29.Rc1 Kh7
30.Rc2 g6 31.Nh4 Kg7 32.Nf3 Qe7 33.Qb5 Bb6 34.Re2 Rc5 35.Qa6 Rd8 36.e5 Qc7
37.Qa4 Qc6 38.Qf4 Rf8 39.h4 Bd8 40.Kh2 Rc1 41.Rd2 Be7 42.Rd5 Rb1 43.Nd4 Qc8
44.Ra5 Qb7 45.Bd5 Qxb2 46.Rxa7 Rf1 47.Kg2 g5 48.hxg5 hxg5 49.Nf5+ Kh8 50.Rb7 Qxb7
51.Qf3 Rxf2+ 52.Kxf2 Bc5+ 53.Kg2 g4  0-1

[Event "Pardubice op"]
[Site "Pardubice"]
[Date "1992.??.??"]
[Round "9"]
[White "Korsunsky, Yuri"]
[Black "Zoltek, Tadeusz"]
[Result "1-0"]
[WhiteElo "2430"]
[BlackElo "2275"]

1.d4 Nf6 2.c4 e6 3.g3 d5 4.Nf3 Be7 5.Bg2 O-O 6.O-O c6 7.Qc2 b6 8.Nbd2 Bb7
9.e4 Na6 10.e5 Nd7 11.b3 Rc8 12.Bb2 c5 13.Rad1 Nb4 14.Qb1 cxd4 15.Bxd4 Qc7
16.Bb2 Rfd8 17.a3 Na6 18.Rc1 Qb8 19.b4 Nc7 20.Rfe1 Ne8 21.Nd4 dxc4 22.Bxb7 Qxb7
23.Nxc4 a6 24.Red1 Rc7 25.b5 Rxc4 26.Rxc4 Nxe5 27.Rc3 axb5 28.Re3 Nc4 29.Ree1 Nxb2
30.Qxb2 Bf6 31.Qxb5 Nc7 32.Qc6 Qxc6 33.Nxc6 Rxd1 34.Rxd1 Nd5 35.Nb4 Nxb4
36.axb4 Be7 37.b5 h5 38.Rc1 Bf6 39.Rc8+ Kh7 40.Rc7 Kg6 41.Rd7 Be5 42.Kg2 Kf6
43.f4 Bc3 44.Rd6 Ba5 45.Kf3 g5 46.h3 Kf5 47.fxg5 Kxg5 48.Ke4 h4 49.g4 Kg6
50.Kf4 Kh6 51.g5+ Kh5 52.Rd7 Kg6 53.Rb7 f6 54.gxf6 Kxf6 55.Ke4 Kg5 56.Rc7 Kf6
57.Rc6 Ke7 58.Ke5 Kf7 59.Rc7+ Kg6 60.Kxe6 Be1 61.Rc4  1-0